| 000 | 00753nam a2200253Ia 4500 | ||
|---|---|---|---|
| 008 | 160803s9999 xx 000 0 und d | ||
| 020 | _a0 590473409 | ||
| 100 | _aMcDermott, Gerald | ||
| 245 | _aAnansi the spider : | ||
| 245 | _ba tale from the Ashanti / | ||
| 245 | _cAdapted and illustrated, by Gerald McDermott. | ||
| 260 | _aNew York : | ||
| 260 | _bScholastic Inc. | ||
| 260 | _c1972 | ||
| 300 | _a40 unnumbered pages : | ||
| 300 | _bcolor illustrations. | ||
| 300 | _c20 x 24 cm | ||
| 500 | _aOriginally published: New York, Holt, Rinehart and Winston, c1972. | ||
| 650 | _aAnansi (Legendary character) | ||
| 650 | _aAshanti (African people) -- | ||
| 650 | _aFolklore -- Africa. | ||
| 650 | _xFolklore. | ||
| 700 | _a290 | ||
| 999 |
_c298907 _d298907 |
||